| 000 | 00369cam a2200145Ia 4500 | ||
|---|---|---|---|
| 020 | _a0804816468 | ||
| 040 | _cDMM | ||
| 082 | _a915 TUT 1990 A087 Or. | ||
| 100 | 1 | _aEnbutsu, Sumiko | |
| 245 | 1 | 0 |
_aChichibu : _bJapan's hidden treasure / |
| 250 | _a1st ed | ||
| 260 |
_aRutland, Vt. : _bC.E. Tuttle Co., _c1990 |
||
| 300 |
_a212 p. : _bill., maps ; _c19 cm |
||
| 942 | _cEK | ||
| 999 |
_c17031 _d17031 |
||